Ediciones incunables de la Stella Clericorum

সংরক্ষণ করুন:
গ্রন্থ-পঞ্জীর বিবরন
প্রধান লেখক: García y García, Antonio (Author)
বিন্যাস: গ্রন্থ
ভাষা:স্প্যানিশ
প্রকাশিত: Madrid Fundación Universitaria Española 1986
বিষয়গুলি:
ট্যাগগুলো: ট্যাগ যুক্ত করুন
কোনো ট্যাগ নেই, প্রথমজন হিসাবে ট্যাগ করুন!

MARC

LEADER 00000nam a2200000 a 4500
001 UCL3409
003 CL-VaPUC
008 031128e19860000SP |||||||||||||||||spa|d
082 0 4 |a 093  |b GAR  |2 21 
100 |a García y García, Antonio  |e author  |9 620175 
245 1 0 |a Ediciones incunables de la Stella Clericorum 
300 |a 8 p 
942 |c BK 
945 |d 20031128 00:00:00  |a rbrito 
260 |a Madrid  |b Fundación Universitaria Española  |c 1986 
500 |a Separata homenaje a Pedro Saínz Rodríguez Tomo I: repertorios, textos y comentarios 
650 7 |a INCUNABLES  |2 CL-VaPUC  |9 372725 
583 |a last modification  |c 20031128 00:00:00  |k Rodrigo Vera 
999 |c 306452  |d 306450 
952 |0 0  |1 0  |2 ddc  |4 0  |6 093_000000000000000_GAR_1986  |7 0  |8 A  |9 371477  |a BIBDER  |b BIBDER  |d 2019-11-21  |i 3964612  |o 093 GAR 1986  |p 3964612  |r 2023-01-25  |w 2019-11-21  |y MX  |k DER